Alle Vereine, gegen die Lionel Messi getroffen hat - Statistiken

Allgemein
  • Dieses Quiz wurde 698 mal gespielt
    651 seit der letzten Aktualisierung
  • Das Durchschnittsergebnis liegt bei 47 aus 107
Antwortstatistiken
Wettbewerb Anzahl der Tore Gegner % Korrekt
LaLiga 17 Real Madrid
99%
Supercopa 6 Real Madrid
99%
UEFA Champions League 2 ESP Real Madrid
99%
UEFA Champions League 4 GER FC Bayern München
92%
LaLiga 26 Atlético Madrid
90%
Copa del Rey 5 Atlético Madrid
90%
Supercopa 1 Atlético Madrid
90%
UEFA Champions League 4 ENG Manchester United
84%
UEFA Champions League 6 ENG Manchester City
82%
UEFA Champions League 3 ITA Juventus Turin
80%
UEFA Champions League 6 FRA Paris Saint-Germain
78%
UEFA Champions League 9 ENG FC Arsenal
76%
UEFA Champions League 3 ENG FC Chelsea
74%
UEFA Champions League 6 NED Ajax Amsterdam
73%
UEFA Champions League 2 ENG FC Liverpool
72%
UEFA Champions League 8 ITA AC Mailand
70%
UEFA Champions League 7 GER Bayer 04 Leverkusen
69%
LaLiga 23 Betis Sevilla
69%
Copa del Rey 4 Betis Sevilla
69%
LaLiga 26 FC Valencia
69%
Copa del Rey 4 FC Valencia
69%
UEFA Champions League 8 SCO Celtic Glasgow
66%
UEFA Champions League 5 FRA Olympique Lyon
65%
LaLiga 17 Athletic Bilbao
64%
Copa del Rey 8 Athletic Bilbao
64%
Supercopa 3 Athletic Bilbao
64%
UEFA Super Cup 1 POR FC Porto
63%
LaLiga 31 FC Sevilla
63%
Copa del Rey 2 FC Sevilla
63%
Supercopa 4 FC Sevilla
63%
UEFA Super Cup 2 ESP FC Sevilla
63%
LaLiga 15 RCD Mallorca
58%
Copa del Rey 1 RCD Mallorca
58%
UEFA Champions League 2 ENG Tottenham Hotspur
58%
UEFA Champions League 1 SCO Glasgow Rangers
56%
UEFA Champions League 4 NED PSV Eindhoven
56%
UEFA Champions League 2 GER RB Leipzig
55%
LaLiga 16 Real Sociedad
54%
Copa del Rey 2 Real Sociedad
54%
LaLiga 22 Espanyol Barcelona
53%
Copa del Rey 3 Espanyol Barcelona
53%
UEFA Champions League 3 UKR Dynamo Kiew
47%
LaLiga 15 FC Getafe
47%
Copa del Rey 6 FC Getafe
47%
UEFA Champions League 1 GER Borussia Mönchengladbach
45%
UEFA Champions League 3 DEN FC Kopenhagen
45%
UEFA Champions League 3 UKR Shakhtar Donetsk
45%
LaLiga 11 FC Malaga
44%
Copa del Rey 2 FC Málaga
44%
LaLiga 15 FC Villarreal
44%
Copa del Rey 1 FC Villarreal
44%
UEFA Champions League 2 SUI FC Basel
41%
LaLiga 12 Celta Vigo
39%
Copa del Rey 2 Celta Vigo
39%
UEFA Champions League 3 GER VfB Stuttgart
39%
LaLiga 4 FC Girona
38%
UEFA Champions League 1 POR Sporting Lissabon
37%
LaLiga 4 FC Elche
36%
Copa del Rey 1 FC Elche
36%
LaLiga 23 CA Osasuna
35%
Copa del Rey 2 CA Osasuna
35%
LaLiga 17 Rayo Vallecano
34%
Copa del Rey 1 Rayo Vallecano
34%
LaLiga 23 UD Levante
34%
Copa del Rey 1 UD Levante
34%
UEFA Champions League 1 GER Borussia Dortmund
33%
LaLiga 15 FC Granada
33%
UEFA Champions League 1 ITA SSC Neapel
33%
LaLiga 4 UD Las Palmas
32%
FIFA Klub-Weltmeisterschaft 1 ARG CA River Plate
31%
LaLiga 12 Deportivo Alavés
30%
Copa del Rey 1 Deportivo Alavés
30%
LaLiga 1 FC Cadíz
30%
UEFA Champions League 1 GRE Olympiakos Piräus
30%
UEFA Champions League 1 HUN Ferencvarós Budapest
29%
LaLiga 8 Real Valladolid
29%
UEFA Champions League 1 CZE Slavia Prag
29%
LaLiga 18 SD Eibar
28%
LaLiga 20 Deportivo La Coruña
27%
LaLiga 11 UD Almería
26%
Copa del Rey 2 UD Almería
26%
UEFA Champions League 3 CZE Viktoria Pilsen
26%
UEFA Champions League 4 RUS Spartak Moskau
25%
UEFA Champions League 3 CYP APOEL Nikosia
24%
UEFA Champions League 1 GER SV Werder Bremen
24%
UEFA Champions League 4 GRE Panathinaikos Athen
23%
FIFA Klub-Weltmeisterschaft 2 BRA FC Santos
22%
LaLiga 13 Real Saragossa
22%
Copa del Rey 1 Real Saragossa
22%
LaLiga 6 Sporting Gijón
21%
LaLiga 5 CD Teneriffa
19%
LaLiga 4 SD Huesca
17%
LaLiga 9 CD Leganés
16%
Copa del Rey 2 CD Leganés
16%
LaLiga 12 Racing Santander
15%
LaLiga 2 Hércules Alicante
10%
LaLiga 3 Recreativo Huelva
8%
LaLiga 2 CD Numancia
7%
LaLiga 6 FC Córdoba
7%
Copa del Rey 2 FC Córdoba
7%
LaLiga 1 Albacete Balompié
5%
FIFA Klub-Weltmeisterschaft 1 ARG Club Estudiantes de La Plata
3%
LaLiga 2 Gimnàstic de Tarragona
2%
Copa del Rey 1 Atlético Ceuta
1%
Copa del Rey 1 Benidorm CF
1%
FIFA Klub-Weltmeisterschaft 1 MEX CF Atlante
1%
Copa del Rey 1 Cultural Leonesa
1%
Keine übereinstimmenden Quizze gefunden
Verteilung der Resultate
Anzahl Personen mit jedem Resultat
Perzentil nach korrekt beantworteten Fragen
Ihre Resultats-Entwicklung
Sie haben dieses Quiz seit der letzten Aktualisierung nicht gespielt